A THEORETICAL BOOK ON BIOCHEMISTRY: FOR DIPLOMA IN PHARMACY [2ND YEAR STUDENTS] (Record no. 8925)

MARC details
000 -LEADER
fixed length control field 00607nam a22001817a 4500
005 - DATE AND TIME OF LATEST TRANSACTION
control field 20251126181155.0
008 - FIXED-LENGTH DATA ELEMENTS--GENERAL INFORMATION
fixed length control field 251120b |||||||| |||| 00| 0 eng d
020 ## - INTERNATIONAL STANDARD BOOK NUMBER
ISBN 978-81-962762-8-7
041 ## - LANGUAGE CODE
Language code of text/sound track or separate title eng
082 ## - DEWEY DECIMAL CLASSIFICATION NUMBER
Classification number 572 RAJ-T
100 ## - MAIN ENTRY--AUTHOR NAME
Personal name RAJAN. MR. NITIN AND KULSHRESTHA, MS VRIDHI & SONI, MR SHUBHANKIT AND SINGH, MR. DR. ARUN KUMAR
245 ## - TITLE STATEMENT
Title A THEORETICAL BOOK ON BIOCHEMISTRY: FOR DIPLOMA IN PHARMACY [2ND YEAR STUDENTS]
250 ## - EDITION STATEMENT
Edition statement RE. PRINT ED. 2025
260 ## - PUBLICATION, DISTRIBUTION, ETC. (IMPRINT)
Place of publication NEW DELHI
Name of publisher INNOVATIVE PUBLICATION PVT.LTD.
Year of publication 2025
300 ## - PHYSICAL DESCRIPTION
Number of Pages 166;P
650 ## - SUBJECT ADDED ENTRY--TOPICAL TERM
Topical Term PHARMACY
General subdivision D.PHARMA
942 ## - ADDED ENTRY ELEMENTS (KOHA)
Koha item type Books
Holdings
Lost status Damaged status Collection code Home library Current library Date acquired Source of acquisition Cost, normal purchase price Full call number Accession Number Koha item type
    PHARMACY JRU Library JRU Library 14/11/2025 PURCHASE 395.00 572 29033 Books